| 000 | 01404cam a2200373 a 4500 | ||
|---|---|---|---|
| 001 | 3543104 | ||
| 003 | OSt | ||
| 005 | 20260313102056.0 | ||
| 008 | 970508s1997 miu b 000 0 eng | ||
| 010 | _a 97021286 | ||
| 020 |
_a0310213274 _qalk. paper |
||
| 020 |
_a9780310213277 _q(alk. paper) |
||
| 035 | _a3543104 | ||
| 040 |
_aDLC _cDLC _dDLC |
||
| 050 | 0 | 0 |
_aBT761.2 _b.Y35 1997 |
| 082 | 0 | 0 |
_a234 _221 |
| 100 | 1 | _aYancey, Philip. | |
| 245 | 1 | 0 |
_aWhat's so amazing about grace? / _cPhilip Yancey. |
| 246 | 3 | _aWhat is so amazing about grace | |
| 260 |
_aGrand Rapids, Mich. : _bZondervan, _cc1997. |
||
| 300 |
_a292 p. ; _c24 cm. |
||
| 336 |
_atext _btxt _2rdacontent |
||
| 337 |
_aunmediated _bn _2rdamedia |
||
| 338 |
_avolume _bnc _2rdacarrier |
||
| 504 | _aIncludes bibliographical references (p. 283-292). | ||
| 650 | 0 | _aGrace (Theology) | |
| 856 | 4 | 1 |
_3Table of contents only _uhttp://www.loc.gov/catdir/enhancements/fy0633/97021286-t.html |
| 856 | 4 | 2 |
_3Publisher description _uhttp://www.loc.gov/catdir/enhancements/fy0633/97021286-d.html |
| 856 | 4 | 1 |
_3Sample text _uhttp://www.loc.gov/catdir/enhancements/fy0629/97021286-s.html |
| 906 |
_a7 _bcbc _corignew _d1 _eocip _f19 _gy-gencatlg |
||
| 942 |
_2lcc _cBK |
||
| 999 |
_c21344 _d21343 |
||